| 000 | 00730nam a2200289Ia 4500 | ||
|---|---|---|---|
| 008 | 160803s9999 xx 000 0 und d | ||
| 020 | _a9780375861116 | ||
| 100 | _aRoy, Ron | ||
| 245 | _aMay magic / | ||
| 245 | _cby Ron Roy ; illustrated by John Steven Gurney. | ||
| 260 | _aNew York : | ||
| 260 | _bScholastic Inc. | ||
| 260 | _c2011 | ||
| 300 | _a70 pages : | ||
| 300 | _billustrations ; | ||
| 300 | _c20 cm. | ||
| 650 | _aBrothers and sisters -- | ||
| 650 | _aDucks -- | ||
| 650 | _aHypnotism -- | ||
| 650 | _aMystery and detective stories. | ||
| 650 | _aPractical jokes -- | ||
| 650 | _xFiction. | ||
| 650 | _xFiction. | ||
| 650 | _xFiction. | ||
| 650 | _xJuvenile fiction. | ||
| 700 | _a410 | ||
| 999 |
_c299572 _d299572 |
||